Energy modelling analysis of a traditionally built Scottish tenement flat (Record no. 112243)

MARC details
000 -LEADER
fixed length control field 01088cad a22002295a 4500
001 - CONTROL NUMBER
control field E152878
008 - FIXED-LENGTH DATA ELEMENTS--GENERAL INFORMATION
fixed length control field 110510s2008 xxk f 000 0 eng d
035 ## - SYSTEM CONTROL NUMBER
System control number (Sirsi) u152878
041 0# - LANGUAGE CODE
Language code of text/sound track or separate title eng
100 1# - MAIN ENTRY--PERSONAL NAME
Personal name Barnham, Bob
245 00 - TITLE STATEMENT
Title Energy modelling analysis of a traditionally built Scottish tenement flat
Medium [electronic resource]
260 ## - PUBLICATION, DISTRIBUTION, ETC.
Place of publication, distribution, etc. Edinburgh
Name of publisher, distributor, etc. Historic Scotland
Date of publication, distribution, etc. 2008
490 #0 - SERIES STATEMENT
Series statement Historic Scotland Technical Paper
Volume/sequential designation (3)
520 ## - SUMMARY, ETC.
Summary, etc. Presents the results of tests using four different energy-modelling methodologies on a Georgian tenement flat in central Edinburgh. Found that each model produced a different result, with the most accurate energy models produced by the most detailed information.
590 ## - LOCAL NOTE (RLIN)
Local note KA
651 #4 - SUBJECT ADDED ENTRY--GEOGRAPHIC NAME
Geographic name Scotland
Chronological subdivision 1999-
690 ## - LOCAL SUBJECT ADDED ENTRY--TOPICAL TERM (OCLC, RLIN)
Topical term or geographic name as entry element ENVIRONMENTAL AND LAND CONSULTANCY-ENERGY-ENERGY USE-ENERGY EFFICIENCY
700 1# - ADDED ENTRY--PERSONAL NAME
Personal name Heath, Nicholas
700 1# - ADDED ENTRY--PERSONAL NAME
Personal name Pearson, Gary
856 40 - ELECTRONIC LOCATION AND ACCESS
Uniform Resource Identifier <a href="https://www.historic-scotland.gov.uk/publicationsresultsdetail.htm?id=4dc88ece24">https://www.historic-scotland.gov.uk/publicationsresultsdetail.htm?id=4dc88ece24</a>
Public note View the report free of charge at www.historic-scotland.gov.uk
942 ## - ADDED ENTRY ELEMENTS (KOHA)
Suppress in OPAC 0
Holdings
Withdrawn status Lost status Source of classification or shelving scheme Damaged status Not for loan Home library Current library Shelving location Date acquired Total Checkouts Full call number Barcode Date last seen Copy number Price effective from Koha item type
    Dewey Decimal Classification     Virtual Virtual Online 10/05/2011   ONLINE PUBLICATION 152878-1001 06/08/2019 1 06/08/2019 Book